| 000 | 00630cam a22002293a 4500 | ||
|---|---|---|---|
| 001 | 10011 | ||
| 003 | PGUSA | ||
| 005 | 20140828083218.0 | ||
| 008 | 031101s2003||||xxu|||||s|||||000 | eng d | ||
| 040 |
_aPGUSA _beng |
||
| 042 | _adc | ||
| 050 | 4 | _aTX | |
| 100 | 1 | _aUnknown | |
| 245 | 1 | 0 |
_a365 Foreign Dishes : _bA Foreign Dish for Every Day in the Year _h[electronic resource] / _cUnknown |
| 260 |
_bProject Gutenberg, _c2003 |
||
| 506 | _aPublic domain in the USA. | ||
| 516 | _aElectronic text | ||
| 653 | _aCooking | ||
| 830 | 0 |
_aProject Gutenberg _v10011 |
|
| 856 | 4 | 0 | _uhttp://www.gutenberg.org/ebooks/10011 |
| 942 | _cEB | ||
| 999 |
_c239266 _d239266 |
||